000 00266nam a22001217a 4500
005 20171025110219.0
008 171025b xxu||||| |||| 00| 0 eng d
041 _aeng
082 _a657
245 _aADVANCED ACCOUNTING IPCC, GROUP 2
300 _a332p.
942 _cBK
999 _c5629
_d5627